Ants to zebras : (Record no. 8068)

MARC details
000 -LEADER
fixed length control field 01074nam a22003137a 4500
001 - CONTROL NUMBER
control field 8068
003 - CONTROL NUMBER IDENTIFIER
control field FISKH
005 - DATE AND TIME OF LATEST TRANSACTION
control field 20250820124042.0
008 - FIXED-LENGTH DATA ELEMENTS--GENERAL INFORMATION
fixed length control field 250820b cb ||||| |||| 00| 0 eng d
020 ## - INTERNATIONAL STANDARD BOOK NUMBER
International Standard Book Number 0717298523
040 ## - CATALOGING SOURCE
Original cataloging agency FISKH
Language of cataloging eng
Transcribing agency FISKH
Modifying agency FISKH
050 ## - LIBRARY OF CONGRESS CALL NUMBER
Classification number PN6231.A5 L43
082 ## - DEWEY DECIMAL CLASSIFICATION NUMBER
Classification number 818.602
100 ## - MAIN ENTRY--PERSONAL NAME
Personal name Leber, Nancy
245 ## - TITLE STATEMENT
Title Ants to zebras :
Remainder of title Silly animal jokes and riddles /
Statement of responsibility, etc. by Nancy Lebber : Illustrated by Tony Griego
250 ## - EDITION STATEMENT
Edition statement First Scholastic printing, January 2006
260 ## - PUBLICATION, DISTRIBUTION, ETC.
Place of publication, distribution, etc. New York :
Name of publisher, distributor, etc. Scholastic ,
Date of publication, distribution, etc. 2006.
300 ## - PHYSICAL DESCRIPTION
Extent 24 pages :
Other physical details color illustrations ;
Dimensions 23 cm .
490 ## - SERIES STATEMENT
Series statement Scholastic At-Home Phonics Reading Program
Volume/sequential designation 53
505 ## - FORMATTED CONTENTS NOTE
Formatted contents note J <br/>
520 ## - SUMMARY, ETC.
Summary, etc. Phonics reader; sounds & letters (long o and u with final e); sight words (elephant, kangaroo, which, zebra
521 8# - TARGET AUDIENCE NOTE
Target audience note 500 <br/>
Source Lexile estimate <br/>
521 8# - TARGET AUDIENCE NOTE
Target audience note J <br/>
Source Raz-Plus <br/>
650 ## - SUBJECT ADDED ENTRY--TOPICAL TERM
Topical term or geographic name entry element Animals
Form subdivision Children's literature
650 ## - SUBJECT ADDED ENTRY--TOPICAL TERM
Topical term or geographic name entry element Phonics
Form subdivision Children's literature
700 ## - ADDED ENTRY--PERSONAL NAME
Personal name Griego, Tony
Relator term Illustator
942 ## - ADDED ENTRY ELEMENTS (KOHA)
Source of classification or shelving scheme Dewey Decimal Classification
Koha item type Books
Suppress in OPAC No
Holdings
Withdrawn status Lost status Source of classification or shelving scheme Damaged status Not for loan Collection Home library Current library Shelving location Date acquired Total Checkouts Full call number Barcode Date last seen Copy number Price effective from Koha item type
    Dewey Decimal Classification     Juvenile Fiction Footprints International School Library Network Toul Tom Poung Campus Footprints International School Library Network Toul Tom Poung Campus TTP Primary Dark Blue Bookshelves 08/20/2025   LEB 818.602 PN6231.A5 L43 FIS02870 08/20/2025 1 08/20/2025 Books
    Dewey Decimal Classification     Juvenile Fiction Footprints International School Library Network Toul Tom Poung Campus Footprints International School Library Network Toul Tom Poung Campus TTP Primary Dark Blue Bookshelves 09/09/2025   LEB 818.602 PN6231.A5 L43 FISTK01716 09/09/2025 2 09/09/2025 Books